| 000 | 00618nam a2200205 4500 | ||
|---|---|---|---|
| 010 | _a744769 | ||
| 035 | _a744769 | ||
| 037 | _bCen Lib / Ret | ||
| 040 |
_aDPL _bEN |
||
| 082 |
_a882 _bWIL |
||
| 100 | _a Williams, Tennessee | ||
| 245 |
_aThe theatre of Tennessee Williams / _cby Tennessee Williams |
||
| 260 |
_aNew York _bNew Directions _c1971 |
||
| 270 |
_a333 sixth Avenue _bNew York |
||
| 300 |
_a(v 2. 591 ; v 3. 423p) _b24cm(Hb) |
||
| 490 |
_aNew Directions paperbook _vno. 736 |
||
| 650 | _aAmerican drama -- 20th century. | ||
| 650 | _aAmerican drama. | ||
| 942 |
_2ddc _cEN _h882 _mWIL |
||
| 999 |
_c136528 _d136528 |
||